00589nam a22001817a 450000500170000001000150001702000250003202000220005703500130007903700130009208200080010524500890011326000410020227000790024330000320032249000280035470000250038220141110125626.0 aENG-111147 c70.00a9788123771816 c70.00a8123771819 aEN-94679 bDBAD/PUB a881 aSelect poems of Lakshminath Bezbaroa /cedited and translated by Krishna Dulal Barua aNew DelhibNational Book Trustc2014 bNew Delhie110070aNehru Bhawan, 5 Institutional Area Phase-II,Vasant Kunj avii,56p. :c20cm(pbk)bill. aNorth East study series aBarua, Krishna Dulal